000 01102 a2200349 4500
005 20250804150239.0
008 250804b |||||||| |||| 00| 0 eng d
041 _aFr
044 _aCIV
090 _bDG/N/3079
100 _aGUIRAUD, Boguinard Sahin Honorine Brigitte
100 _aTAHI, Gnion Mathias
100 _aTREBISSOU, Caudou
100 _a
100 _aCOULIBALY, Klotioma
110 _aCentre National de Recherche Agronomique
110 _bCote d'Ivoire
245 _aBien echantillonner et conditionner les feuilles asymptomatiques en vue du diagnostic pcr des cacaoyers vis-a-vis du cocoa swollen shoot virus
_b: Fiche Technique
260 _aAbidjan
260 _bCentre National de Recherche Agronomique
260 _c2025
302 _a p.
388 _a2025-08-04
650 _2AGROVOC
_gCacaoyer
650 _gEchantillon
650 _gConditionner
650 _gFeuille
650 _gAsymptomatique
650 _gvirus
650 _gSwollen shoot
856 _uhttps://ftech.byethost7.com/wp-content/uploads/2025/08/DGN3079.pdf
999 _c5950
_d5950